000 nam a22 7a 4500
999 _c9166
_d9166
008 180123b ||||| |||| 00| 0 eng d
100 _aNIIT
_95436
245 _aThe complete IT Programme schools - XII
260 _aNew Delhi
_bSona Publication
_c2005